000 00791nam a2200229 i 4500
001 130340
003 ES-MaACL
005 20250714101703.0
007 t|
008 070726s1959 sp |||| | spa d
100 1 _aZamarriego, Tomás.
_9117898
245 1 0 _aTipología sacerdotal en la novela contemporánea
_b: Bernanos - Mauriac - Gironella /
_cpor Tomás Zamarriego.
260 _aMadrid :
_bRazón y Fe,
_c[1959]
300 _a158 p. ;
_c19 cm.
490 1 _aBiblioteca de cuestiones actuales
600 1 4 _aMauriac, François,
_d1885-1970
_979251
650 4 _aNovela-
_yS.XX-
_xHistoria y crítica.
_915605
650 4 _aSacerdotes-
_xEn la literatura.
_9165032
830 0 _aBiblioteca de cuestiones actuales
_9181677
852 _aES-MaACL
_jC-17507
999 _c130340
_d130340